| 000 | 00670nam a22002297a 4500 | ||
|---|---|---|---|
| 999 |
_c2851 _d2851 |
||
| 003 | AR-CdUCM | ||
| 008 | 190305b ||||| |||| 00| 0 spa d | ||
| 040 |
_aMUNICIPALIDAD PROVINCIAL DEL CUSCO _cBIBLIOTECA MUNICIPAL DEL CUSCO |
||
| 082 |
_a869.877 / _bD75 |
||
| 100 |
_aDiego, Eliseo _99882 |
||
| 245 | _aDivertimentos / | ||
| 260 |
_aCuba : _bArte y Literatura ; _c1946. |
||
| 300 |
_a103 páginas ; _c18cm |
||
| 440 |
_aColección Cocuyo _99883 |
||
| 505 | _aSátira y humorismo | ||
| 650 |
_aSátira _99884 |
||
| 650 |
_aHumorismo _99885 |
||
| 650 |
_aLiteratura cubana _9668 |
||
| 650 |
_aLiteratura en español _96075 |
||
| 942 |
_2ddc _cLIBROS |
||
| 945 | _anom | ||